[Event "FRA-chT2 East 0607"]
[Site "France"]
[Date "2007.02.11"]
[Round "7.5"]
[White "Dujardin, Pascal"]
[Black "Mangone, Pierre"]
[Result "0-1"]
[WhiteElo "1919"]
[BlackElo "2045"]
[PlyCount "68"]
[EventDate "2006.10.15"]
[EventType "team"]
[EventRounds "11"]
[EventCountry "FRA"]
[SourceTitle "EXT 2008"]
[Source "ChessBase"]
[SourceDate "2007.11.25"]
[SourceVersion "1"]
[SourceVersionDate "2007.11.25"]
[SourceQuality "1"]
[WhiteTeam "Cluses Saint Jeoire"]
[BlackTeam "Gueugnon"]
[WhiteTeamCountry "FRA"]
[BlackTeamCountry "FRA"]

1. c4 e5 2. Nc3 Nf6 3. g3 Bc5 4. Bg2 0-0 5. e3 Nc6 6. Nf3 d6 7. 0-0 Bg4 8. Qc2 Qd7 9. d3 Nb4 10. Qd2 Bh3 11. a3 Nc6 12. b4 Bb6 13. Bb2 Qg4 14. Ne2 e4 15. dxe4 Nxe4 16. Qd3 Bxg2 17. Kxg2 Ng5 18. Nxg5 Qxg5 19. Nd4 Ne5 20. Qc2 Bxd4 21. Bxd4 Ng6 22. c5 Nh4+ 23. Kh1 Nf3 24. Qe2 Qd5 25. e4 Nxd4 26. Qd3 Qe5 27. f4 Qf6 28. e5 dxe5 29. fxe5 Qxe5 30. Rae1 Qd5+ 31. Kg1 Rad8 32. Rd1 Qb3 33. Qe4 Nf3+ 34. Rxf3 Qxd1+ 0-1